How to Save a Constitutional Democracy /
Estudio que analiza el sistema democrático norteamericano contemporáneo en el que se advierte el riesgo inminente de un declive de su democracia constitucional liberal producido por las actitudes en la conducción política del poder ejecutivo y por el diseño constitucional; así mismo los autores plan...
I tiakina i:
| Kaituhi matua: | |
|---|---|
| Ētahi atu kaituhi: | |
| Hōputu: | Pukapuka |
| Reo: | Ingarihi |
| I whakaputaina: |
Chicago, EUA :
University of Chicago,
2018, c2018
|
| Ngā marau: | |
| Urunga tuihono: | Ver documento en línea |
| Ngā Tūtohu: |
Kāore He Tūtohu, Me noho koe te mea tuatahi ki te tūtohu i tēnei pūkete!
|
MARC
| LEADER | 00000nam^a2200000^a^4500 | ||
|---|---|---|---|
| 001 | 000418321 | ||
| 005 | 20251023000000.0 | ||
| 009 | 20260310122413.482 | ||
| 020 | |a 978-0-226-56441-8 | ||
| 037 | |a Acervo ITESO - Biblioteca | ||
| 041 | |a ING | ||
| 082 | |a 320. 973093 |b GIN | ||
| 100 | |a Ginsburg, Tom |e (autor) | ||
| 245 | 1 | 0 | |a How to Save a Constitutional Democracy / |c T. Ginsburg, A.Z. Huq. |
| 264 | 4 | |a Chicago, EUA : |b University of Chicago, |c 2018, c2018 | |
| 264 | 2 | |a Birmingham, EUA : |b EBSCOhost [distribución], |c 2018 | |
| 300 | |a 1 libro electrónico en línea (X, 295 p.) | ||
| 300 | |a 1 recurso en línea | ||
| 336 | |a datos para computadora |b cod |2 rdacontenido | ||
| 337 | |a computadora |b c |2 rdamedio | ||
| 338 | |a recurso en línea |b cr |2 rdasoporte | ||
| 520 | |a Estudio que analiza el sistema democrático norteamericano contemporáneo en el que se advierte el riesgo inminente de un declive de su democracia constitucional liberal producido por las actitudes en la conducción política del poder ejecutivo y por el diseño constitucional; así mismo los autores plantean las opciones para gestionar con éxito el riesgo de dicho declive. | ||
| 521 | |a 2024 BO Licenciatura en Gestión Pública y Políticas Globales | ||
| 521 | |a Peticiones 2020 | ||
| 649 | |a XX | ||
| 650 | |a Democracia - |z EUA - |x Historia - |y Siglo XXI - |x Tema Principal | ||
| 650 | |a Democracia - |x Historia - |y Siglo XXI - |x Tema Principal | ||
| 650 | |a Derecho Constitucional - |z EUA | ||
| 650 | |a Derecho Constitucional | ||
| 650 | |a Derecho Público - |z EUA | ||
| 650 | |a Derecho Público | ||
| 650 | |a Política - |z EUA - |x Historia - |y 2017-2021 | ||
| 650 | |a Política - |z EUA - |x Historia - |y Siglo XXI | ||
| 700 | |a Huq, Aziz Z. |e (autor) | ||
| 856 | 4 | 0 | |u https://ezproxy.iteso.mx/login?url=https://search.ebscohost.com/login.aspx?direct=true&scope=site&db=nlebk&db=nlabk&AN=1796107 |y Ver documento en línea |
| 910 | |a Fondo General | ||
| 920 | |a Electrónicos - Libros en Línea | ||
| 930 | |a Plataforma Digital | ||
| 905 | |a 205 | ||
| 901 | |a 418321-1 |b IT2 |c EBO |u 20250521 | ||
| 902 | |a https://opac.biblio.iteso.mx/vufind/Record/000418321 | ||